A course of reinforced concrete design, (Record no. 546967)
[ view plain ]
| 000 -LEADER | |
|---|---|
| fixed length control field | 00508cam a22001571 4500 |
| 082 ## - DEWEY DECIMAL CLASSIFICATION NUMBER | |
| Classification number | 624.1834 |
| Author Mark | BRY |
| -- | L-19, P-13 |
| 100 1# - MAIN ENTRY--PERSONAL NAME | |
| Personal name | Bray, Thomas J. |
| 9 (RLIN) | 43176 |
| 245 12 - TITLE STATEMENT | |
| Title | A course of reinforced concrete design, |
| Statement of responsibility, etc. | by Thomas J. Bray ... |
| 260 ## - PUBLICATION, DISTRIBUTION, ETC. | |
| Place of publication, distribution, etc. | London, |
| Name of publisher, distributor, etc. | Chapman & Hall ltd., |
| Date of publication, distribution, etc. | 1946. |
| 300 ## - PHYSICAL DESCRIPTION | |
| Extent | viii, 216 p., 1 l. |
| Other physical details | pl., diagrs. |
| Dimensions | 26 cm. |
| 526 ## - STUDY PROGRAM INFORMATION NOTE | |
| Program name | 0 |
| Interest level | 0 |
| Reading level | 0 |
| Title point value | 624_183400000000000_BRY |
| 650 #0 - SUBJECT ADDED ENTRY--TOPICAL TERM | |
| Topical term or geographic name entry element | Concrete construction. |
| 650 #0 - SUBJECT ADDED ENTRY--TOPICAL TERM | |
| Topical term or geographic name entry element | MCE |
| 9 (RLIN) | 379 |
| 650 #0 - SUBJECT ADDED ENTRY--TOPICAL TERM | |
| Topical term or geographic name entry element | Reinforced concrete. |
| 9 (RLIN) | 40928 |
| 942 ## - ADDED ENTRY ELEMENTS (KOHA) | |
| Source of classification or shelving scheme | |
| Koha item type | Book |
| Withdrawn status | Lost status | Source of classification or shelving scheme | Damaged status | Not for loan | Permanent Location | Current Location | Date acquired | Total Checkouts | Full call number | Barcode | Date last seen | Price effective from | Koha item type |
|---|---|---|---|---|---|---|---|---|---|---|---|---|---|
| Military College of Engineering (MCE) | Military College of Engineering (MCE) | 06/25/2014 | 624.1834 BRY | MCE-30015 | 06/25/2014 | 06/25/2014 | Book |
